banner koha

Eficiencia e seletividade de herbicidas na cultura do milho [Zea mays] (Registro n. 317079)

MARC details
000 -LÍDER
campo de controle de tamanho fixo 01354naa a22003257a 4500
001 - NÚMERO DE CONTROLE
campo de controle BR8500811
003 - IDENTIFICADOR DO NÚMERO DE CONTROLE
campo de controle BR-BrBNA
005 - DATA E HORÁRIO DA ÚLTIMA TRANSAÇÃO
campo de controle 20240918175519.0
007 - CAMPO FIXO DE DESCRIÇÃO FÍSICA--INFORMAÇÃO GERAL
campo de controle de tamanho fixo ta
008 - CAMPO DE DADOS FIXOS--INFORMAÇÃO GERAL
campo de controle de tamanho fixo 230509b bl.||||| |||| 00| 0 por d
040 ## - FONTE DA CATALOGAÇÃO
Instituição da catalogação original BR-BrBNA
Idioma da catalogação por
Instituição que transcreveu o registro Biblioteca Nacional de Agricultura
041 ## - CÓDIGO DE IDIOMA
Código do idioma do texto/trilha sonora ou título diferente (Pt)
072 ## - CÓDIGO DE CATEGORIA DE ASSUNTO
Código de Categoria de Assunto H60; F00
Código do objeto 3876
-- 0120
090 ## - NÚMERO DE CHAMADA LOCAL
Número de chamada H60 BR8500811
100 1# - ENTRADA PRINCIPAL--NOME PESSOAL
Nome pessoal Ruedell, J.
100 1# - ENTRADA PRINCIPAL--NOME PESSOAL
Nome pessoal Silva, M.T.B. da
100 1# - ENTRADA PRINCIPAL--NOME PESSOAL
Nome pessoal Campos, A.E. de
100 1# - ENTRADA PRINCIPAL--NOME PESSOAL
Nome pessoal Torres, L.A.M.
111 1# - ENTRADA PRINCIPAL--NOME DO EVENTO
Nome do evento ou lugar 29. Reuniao Tecnica Anual do Milho
Local do evento Porto Alegre, RS (Brazil)
Data do evento ou assinatura do tratado 30 Jul-1 Aug 1984
245 1# - TÍTULO
Título Eficiencia e seletividade de herbicidas na cultura do milho [Zea mays]
246 1# - FORMA VARIANTE DO TÍTULO
Título/título abreviado Herbicide efficiency and selectiveness in maize crop [Zea mays]
246 1# - FORMA VARIANTE DO TÍTULO
Título/título abreviado [Contribution of the Centro de Experimentacao e Pesquisa to the 29. Technical Yearly Meeting of Maize]
260 3# - PUBLICAÇÃO, DISTRIBUIÇÃO, ETC.
Local de publicação, distribuição, etc. Porto Alegre, RS (Brasil):
Data da publicação, distribuição, etc. 1984.
500 ## - NOTA GERAL
Nota geral Contribuicao do Centro de Experimentacao e Pesquisa a 29. Reuniao Tecnica Anual do Milho<br/>Porto Alegre, RS (Brasil): 1984. p. 86-96<br/>(BR8500811-AM)H60<br/>
650 ## - ASSUNTO--TERMO TÓPICO
Cabeçalho tópico ou nome geográfico HERBICIDA
650 ## - ASSUNTO--TERMO TÓPICO
Cabeçalho tópico ou nome geográfico MILHO
773 0# - ENTRADA ANALÍTICA
Título Contribuicao do Centro de Experimentacao e Pesquisa a 29. Reuniao Tecnica Anual do Milho
Número de controle do registro H60 BR8500811
Partes relacionadas Porto Alegre, RS (Brasil), 1984. p. 86-96
909 ## -
-- 202404
-- Lucia
-- 55
-- Lucia Elande
942 ## - ELEMENTOS DE ENTRADA ADICIONADOS (KOHA)
Tipo de material Koha Capítulo-Livro
Fonte da classificação ou esquema de arquivamento na estante Classificação AGRIS
Exemplares
Situação do descarte Fonte da classificação ou esquema de arquivamento na estante Situação física Não pode ser emprestado Coleção Biblioteca de origem Biblioteca atual Localização na estante Total de empréstimos Número de telefone completo Data de último acesso Número do exemplar Tipo de material Koha Situação das perdas Data de aquisição Fonte de aquisição
  Classificação AGRIS       Biblioteca Nacional de Agricultura - Binagri Biblioteca Nacional de Agricultura - Binagri Agrobase - Acervo Geral   0180 BR9406679 20/05/2024 01 Capítulo-Livro   2024-04-11 Portaria Interministerial nº 164/94

BINAGRI

Telefone: (61)3218-2567/2388/3357/2097 - binagri@agro.gov.br

Ministério da Agricultura e Pecuária , Esplanada dos Ministérios, Bloco D, Anexo B, Brasília/DF, CEP: 70.043-900